MARC

LEADER 00000nam0a2200000 4500
001 294923
005 20231102000744.0
020 |a RU  |b 84-23801 
035 |a (RuTPU)RU\TPU\book\319999 
090 |a 294923 
100 |a 20150519d1983 k y0rusy5003 ca 
101 0 |a rus 
102 |a UA 
105 |a a z 101zy 
200 1 |a Ископаемая фауна и флора Украины  |e материалы III сессии Украинского палеонтологического общества, 13-17 мая 1980 г., г. Керчь  |f Академия наук Украинской ССР (АН УССР), Институт геологических наук (ИГН) ; Украинское палеонтологическое общество ; под ред. О. С. Вялова 
210 |a Киев  |c Наукова думка  |d 1983 
215 |a 176 с.  |c ил. 
320 |a Библиография в конце докладов 
606 |a Организмы ископаемые  |2 stltpush  |3 (RuTPU)RU\TPU\subj\47306  |9 66359 
610 1 |a Украина 
610 1 |a флора 
610 1 |a фауна 
610 1 |a стратиграфия 
610 1 |a фации 
610 1 |a олигоцен 
610 1 |a миоцен 
610 1 |a фораминиферы 
610 1 |a моллюски 
610 1 |a изучение 
610 1 |a кораллы 
610 1 |a развитие 
610 1 |a мезозой 
610 1 |a пограничные отложения 
610 1 |a споры 
610 1 |a пыльца 
610 1 |a средний карбон 
610 1 |a зональное расчленение 
675 |a 56(063)  |v 3 
702 1 |a Вялов  |b О. С.  |g Олег Степанович  |4 340 
712 0 2 |a Академия наук Украинской ССР (АН УССР)  |b Институт геологических наук (ИГН)  |c (Киев)  |2 stltpush  |3 (RuTPU)RU\TPU\col\12890 
712 0 2 |a Украинское палеонтологическое общество  |2 stltpush  |3 (RuTPU)RU\TPU\col\21281  |9 27971 
712 1 2 |a Ископаемая фауна и флора Украины  |c материалы сессии  |d 3  |e Керчь  |f 1980  |4 570 
801 0 |a RU  |b RuMRKP  |c 19950704  |g psbo 
801 1 |a RU  |b 63413507  |c 20150519 
801 2 |a RU  |b 63413507  |c 20180503  |g RCR 
942 |c BK